[Event "Saint Louis Invitational A 2017"]
[Site "Saint Louis"]
[Date "2017.11.18"]
[Round "2"]
[White "Sadorra, Julio Catalino"]
[Black "Burke, John M"]
[Result "1/2-1/2"]
[WhiteElo "2554"]
[BlackElo "2502"]
[Annotator "TA"]
[PlyCount "180"]
[EventDate "2017.??.??"]
[EventType "tourn"]
[EventCountry "USA"]
[SourceTitle "playchess.com"]
[Source "ChessBase"]
[SourceQuality "1"]

{[%evp 12,180,8,-6,-13,-56,-30,-24,-21,-26,-37,-31,-51,-113,-94,-207,-198,-203,-198,-197,-194,-194,-202,-198,-228,-227,-216,-206,-200,-379,-381,-375,-241,-239,-220,-286,-303,-403,-247,-229,-221,-210,-89,-96,-85,-93,-87,-77,-83,-112,-116,-103,-120,-110,-113,-147,-156,-156,-159,-140,-100,-102,-100,-109,-100,-93,-93,-92,-89,-242,-156,-139,-146,-139,-138,-128,-106,-106,-106,-106,-107,-131,-131,-219,-198,-449,-443,-474,-129,-138,0,-31,0,-138,-125,-125,-125,-138,-138,-233,-126,-126,0,-520,-520,-513,-504,-500,-481,-335,-237,-222,-215,-201,-198,-190,-138,-138,-138,-138,-138,-138,-138,-138,-138,-138,-138,-138,-138,-138,-138,-5119,0,-138,0,-138,-138,-138,-138,-138,-138,-138,-44,-138,-138,-138,0,-138,-138,-138,-138,-138,-138,-138,-138,-138,-138,-138,-138,-138,-28,-36,-24,-24,-24,-24,-24,-24,0,-24,0]} 1. Nf3 d5 2. c4 e6 3. e3 Nf6 4. Nc3 Be7 5. b3 O-O 6. Bb2 b6 7. Qc2 {LiveBook: 4 Partien. A13: Reti-Eröffnung} (7. cxd5 exd5 8. d4 Bb7 9. Bd3 a6 10. O-O Nbd7 11. Ne5 Bd6 12. Ne2 Re8 13. f4 Ne4 14. Ng3 Nf8 15. Nxe4 dxe4 16. Bc4 Re7 17. Qh5 g6 18. Qh6 Bxe5 19. dxe5 b5 20. Rad1 Qe8 {1-0 (43) Nakamura,H (2780)-Topalov,V (2749) Saint Louis 2017}) 7... c5 8. Ng5 $146 ({Vorgänger:} 8. d4 cxd4 9. Nxd4 Bb7 10. O-O-O Qc8 11. f3 Na6 12. a3 Rd8 13. Kb1 Nc5 14. g4 dxc4 15. Bxc4 {1-0 (42) Bobanac,M (2279)-Pasalic,A (2007) Bosnjaci 2017}) 8... g6 (8... Nc6 {keeps more tension.} 9. Nxd5 exd5 10. Bxf6 g6 11. Bxe7 Qxe7 12. Nf3 Bf5) 9. h4 $1 d4 10. h5 $1 Nc6 11. hxg6 hxg6 12. Rh6 ({Lieber} 12. Nce4 $15) 12... Ne5 $1 $36 {[%mdl 2048] Schwarz hat starke Initiative.} (12... dxc3 $6 13. Rxg6+ fxg6 14. Qxg6+ Kh8 15. Bxc3 $11) 13. Nce4 (13. Rh3 $17) 13... Nfg4 $1 $19 {[%csl LRg5,LRh6]} 14. Rh3 Bxg5 15. Nxg5 Qxg5 16. f4 Qf6 17. Qe4 Bd7 18. exd4 Nc6 {[%cal Be5c6,Bc6b4,Bb4c2][%mdl 32]} 19. Be2 Qg7 $1 ({Und nicht} 19... Nxd4 20. Bxg4 Kg7 21. Bxd4 $14) 20. Qb1 $2 (20. Bxg4 f5 21. Bxf5 gxf5 22. Qd3) 20... Nf6 21. dxc5 bxc5 22. Qd3 Nb4 23. Qc3 {[#]} e5 $1 24. Rh4 (24. Qxe5 Bxh3) 24... Ne4 25. Qxe5 Qxe5 26. fxe5 Nc2+ (26... Bf5 $19 27. g4 g5) 27. Kd1 $17 Nxa1 28. Rxe4 Bf5 29. Rf4 {[#]} Nxb3 $1 30. axb3 Rab8 31. Rf3 Rb6 32. Ba3 Ra6 33. Bb2 Rb8 $1 34. Rc3 Rab6 $1 {[%cal Rb6b3]} 35. d3 a5 36. g4 Bd7 ({Doch nicht} 36... Rxb3 $6 37. Rxb3 Rxb3 38. Kc2 $11) 37. Ba3 Rxb3 38. Rxb3 Rxb3 39. Bxc5 {[%mdl 4096] Endspiel KTL-KL} Rb2 40. Bf3 $2 (40. d4 $17 {war die einzige Chance.}) 40... Ba4+ 41. Kc1 Rc2+ 42. Kb1 Rd2 ({Viel schwächer wäre} 42... Rc3 $6 43. Be2 $11) 43. Be4 Bb3 44. Ba3 a4 45. Bd6 Ra2 46. Bd5 Re2 47. d4 (47. g5 $17) 47... Kg7 48. g5 $2 (48. Bc6 {ist eine bessere Verteidigung.}) 48... Ra2 $1 $19 49. Bb4 Rf2 $2 (49... a3 $1 $19 50. Be7 Rb2+ 51. Ka1 Rd2 52. Bxa3 Ra2+ 53. Kb1 Rxa3) 50. Bc5 Bd1 ({Besser ist} 50... Kh7 $17) 51. Be7 Bb3 (51... Rd2 $15) 52. Bc5 $1 $17 Ba2+ 53. Kc1 Re2 54. Be7 Bb3 55. Bc5 {[#]} (55. Kb1 $17) 55... Rc2+ (55... Ra2 $1 $19 56. Bc6 Bxc4) 56. Kb1 Ra2 (56... Rh2 $17 57. Bc6 Bxc4 58. Bxa4 Rg2) 57. Be7 $2 {[%mdl 8192]} (57. Bb4 $11 {und Weiss steht sicher.}) 57... a3 $19 58. Bxa3 Rxa3 59. Kb2 {[#]} Bxc4 $1 60. Bxc4 {KT-KL} Rg3 61. Kc2 Kf8 62. Kd2 Ke7 63. d5 {[%cal Bd4d5,Bd5d6,Bd6d7][%mdl 32]} Rxg5 (63... Rg2+ $19 64. Kd3 Rxg5 65. d6+ Ke8) 64. d6+ $17 Ke8 65. e6 fxe6 66. Bxe6 Re5 67. d7+ Ke7 68. Bh3 Re4 69. Kd3 Re1 70. Kd2 Re5 {Droht stark ...Tg5.} 71. Kd3 $2 {[%mdl 8192] [#]} (71. Bg4 $17) 71... Re1 $2 (71... Rh5 $1 $19 {[%cal Rh5h3] bietet bessere Gewinnchancen.} 72. Bg4 Rg5) 72. Kd2 $1 {[%cal Rd2e1]} Re4 73. Kd3 $1 {[%cal Rd3e4]} Rf4 74. Ke3 g5 75. Be6 Rf8 76. Bg4 Kd6 (76... Rf6 $17 77. Bh3 Rf4) 77. Ke4 (77. Bf5 $1 $15 Ke7 78. Ke4) 77... Rf4+ 78. Ke3 Ke7 79. Be6 $1 Rh4 {Und weiter mit ...Kd8 wäre nett.} 80. Bf5 Rh1 81. Bg4 Re1+ 82. Kf2 Re4 83. Kf3 Rd4 84. Kg3 Rd3+ 85. Kf2 Kf6 (85... Rc3 $17 {...Kd8 ist eine echte Drohung.} 86. Be6 Ra3) 86. Ke2 Rd4 {zielt auf ...Ke7 ab.} 87. Ke3 Ke5 {Droht ...Td5 und aus.} 88. Bh3 Rd6 {Und ...Td5 würde nun gewinnen.} 89. Bg4 Rd4 {Weiss muss nun ...Td6 beachten.} 90. Bh3 Rd6 {Precision: Weiß = 54%, Schwarz = 57%.} 1/2-1/2

[Event "Saint Louis Invitational A 2017"]
[Site "Saint Louis"]
[Date "2017.11.18"]
[Round "2"]
[White "Ashwin, Jayaram"]
[Black "Hambleton, Aman"]
[Result "1-0"]
[WhiteElo "2474"]
[BlackElo "2484"]
[Annotator "TA"]
[PlyCount "113"]
[EventDate "2017.??.??"]
[EventType "tourn"]
[EventCountry "USA"]
[SourceTitle "playchess.com"]
[Source "ChessBase"]
[SourceQuality "1"]

{[%evp 25,113,0,13,0,0,0,0,-22,0,0,0,0,-19,-29,-29,-39,0,0,0,-54,-48,-39,-40,-69,0,0,0,0,11,7,78,57,52,23,56,52,44,0,0,0,0,-40,0,0,0,0,26,25,35,0,4,0,0,0,0,0,0,0,0,0,0,0,0,0,0,0,98,115,625,595,1185,1184,1073,1062,29982,29982,29983,29984,29984,29985,29985,29986,29990,29985,29985,29986,29986,29987,29986,29985]} 1. d4 Nf6 2. c4 e6 3. g3 c5 4. d5 exd5 5. cxd5 d6 6. Nc3 g6 7. Bg2 Bg7 8. Nf3 O-O 9. O-O Nbd7 10. Bf4 Qe7 11. h3 a6 12. a4 Nh5 {A63: Modern Benoni: Fianchetto Variation: 9...Nbd7} (12... Rb8 13. Qd3 Re8 14. Rfe1 Nh5 15. Bg5 Bf6 16. Bxf6 Nhxf6 17. e4 Nh5 18. Kh2 f6 19. Nd2 Ne5 20. Qe2 {0-1 (49) Sjugirov,S (2670)-Korobov,A (2708) Sochi 2015}) 13. Bg5 f6 $1 {[%cal Rf6g5] LiveBook: 29 Games} 14. Bc1 {[#] Threatens to win with g4.} f5 $1 {The position is equal.} 15. Ng5 $146 ({Predecessor:} 15. e4 f4 16. g4 Nhf6 17. Ne2 Ne5 18. Nxe5 dxe5 19. Nc3 h5 20. f3 hxg4 21. hxg4 {½-½ (63) Noble,M (2414)-Daurelle,H (2362) LSS email 2009}) 15... f4 16. Ne6 {Hoping for g4.} fxg3 17. Nxf8 gxf2+ 18. Rxf2 Nxf8 19. Ra3 Bd4 20. e3 Be5 {[%mdl 1024] Black has compensation.} 21. Ne2 Nd7 22. Rf1 (22. e4 $11) 22... Ndf6 $15 23. e4 Bd7 24. Raf3 Rf8 (24... b5 $15) 25. Bh6 $36 {[%mdl 2048] Black is under pressure.} Rf7 26. b3 Be8 27. Qc2 Nd7 (27... b5 $11 {remains equal.}) 28. Rxf7 $16 Bxf7 29. Bd2 b5 30. axb5 axb5 31. Bc3 (31. b4 {is interesting.} Be8 32. Qa2 cxb4 33. Bxb4 Nb6 34. Bd2) 31... b4 32. Bxe5 Nxe5 33. Nc1 Qg5 34. Qf2 {And now Nd3! would win.} Qe7 35. Qe3 Nf6 36. Nd3 Nfd7 37. Nf4 Kg7 38. Qg3 g5 39. h4 g4 40. h5 h6 41. Qf2 Kh7 42. Ra1 Qg5 {White must now prevent ...Nf3+.} 43. Ne6 Qxh5 44. Ra6 c4 $1 45. bxc4 b3 (45... Nf3+ $11 {keeps the balance.} 46. Kf1 (46. Bxf3 gxf3 47. Qg3 Bxe6 $11) 46... Nde5) 46. Rxd6 b2 $2 {[%mdl 8192]} (46... g3 $16 47. Qxg3 Bxe6 48. dxe6 b2) 47. Qxb2 $18 g3 {[#] intending ...Qd1+.} 48. Rxd7 $1 Qd1+ (48... Nxd7 49. Qg7#) 49. Bf1 Nf3+ 50. Kg2 {[%csl Ge6][%cal Rb2g7] White mates.} Ne1+ 51. Kxg3 {[%csl Ge6][%cal Rb2g7]} Qf3+ 52. Kh2 {[%csl Ge6][%cal Rb2g7]} Qh5+ 53. Bh3 {[%csl Ge6][%cal Rb2g7]} Nf3+ 54. Kg3 {[%csl Ge6][%cal Rb2g7]} Qh4+ 55. Kxf3 {[%csl Ge6][%cal Rb2g7]} Qxh3+ 56. Kf4 {[%csl Ge6][%cal Rb2g7]} Qh4+ 57. Ke3 {Precision: White = 70%, Black = 44%.} 1-0

[Event "Saint Louis Invitational A 2017"]
[Site "Saint Louis"]
[Date "2017.11.18"]
[Round "2"]
[White "Sturt, Raven"]
[Black "Gurevich, Daniel"]
[Result "0-1"]
[WhiteElo "2449"]
[BlackElo "2471"]
[Annotator "TA"]
[PlyCount "94"]
[EventDate "2017.??.??"]
[EventType "tourn"]
[EventCountry "USA"]
[SourceTitle "playchess.com"]
[Source "ChessBase"]
[SourceQuality "1"]

{[%evp 25,94,24,30,37,34,20,26,-5,81,49,91,49,45,45,58,-7,42,54,59,51,147,136,191,130,188,201,185,43,54,43,56,0,0,7,0,0,0,-77,-78,-87,-79,-79,-75,-70,-45,-34,14,5,15,-18,45,-897,-853,-863,-751,-708,-661,-603,-595,-581,-466,-481,-457,-735,-645,-917,-927,-656,-653,-29994,-29995]} 1. d4 d5 2. c4 dxc4 3. e4 Nf6 4. e5 Nd5 5. Bxc4 Nc6 6. Ne2 Nb6 7. Bb3 Bf5 8. Nbc3 e6 9. O-O Qd7 10. Be3 O-O-O 11. a3 f6 {D20: Queen's Gambit Accepted: 3 e3 and 3 e4} 12. exf6 gxf6 13. Ng3 Bg6 {LiveBook: 4 Games. White has an edge.} 14. Qf3 Be7 {[#]} 15. Rfd1 $146 ({Predecessor:} 15. Rad1 Na5 16. Ba2 Bc2 17. Rc1 Bb3 18. Bb1 f5 19. d5 Bxd5 20. Nxd5 Qxd5 {1-0 (46) Shabalov,A (2585)-Kaidanov,G (2577) Saint Louis 2010}) 15... Na5 16. Ba2 {[#] Hoping for d5.} Nac4 (16... Bc2 $1 $11) 17. d5 e5 18. Bxb6 Nxb6 19. a4 a5 (19... Nxa4 $2 20. Nxa4 Kb8 {[#]} 21. d6 $1 $18 {[%mdl 512]}) 20. Bb1 ({White should play} 20. Bb3 $14) 20... Rhg8 21. Bf5 Bxf5 22. Nxf5 Rg5 (22... Bb4 $14) 23. Nxe7+ $16 Qxe7 24. Ne4 ({Better is} 24. Nb5 $18) 24... Rg6 (24... Rgg8 $16) 25. d6 $1 $18 {[%cal Rd6e7]} cxd6 26. Qc3+ (26. Qb3 $6 Na8 $16) (26. Qe3 $18 f5 27. Qxb6 fxe4 28. Qa7 (28. Qxa5 Kb8 $11)) 26... Kb8 $14 27. Qxa5 f5 $1 28. Ng3 d5 $1 29. Nxf5 Qg5 $1 {[%csl Gg6][%cal Rg5g2]} 30. Ng3 h5 $1 {[%cal Rh5h4] aiming for ...h4.} 31. Qb5 (31. Qd2 $11) 31... h4 $17 32. a5 hxg3 33. hxg3 Nc8 34. Rxd5 Rxd5 (34... Nd6 $5 {[%cal Rd6b5]} 35. Qb6 Rc8 $15) 35. Qxd5 Rh6 {And now ...Qh5 would win.} 36. Re1 Rh5 37. Qe6 (37. a6 $5 {[%cal Rd5b7]} Qe7 38. g4 $11) 37... Qg7 (37... Qd2 $11 38. Rf1 e4) 38. Rc1 $2 {[%mdl 8192]} (38. g4 $14 Rh4 39. f3 (39. Rxe5 Rxg4 40. g3 Rg6 $15) (39. Qxe5+ Qxe5 40. Rxe5 Rxg4 $15)) 38... Qh8 $19 {[%csl Gh8][%cal Rh5h1]} 39. Rxc8+ Qxc8 {[%cal Rc8c1]} 40. Qd6+ Ka8 {( -> ...Qc1+)} 41. Qd2 Qh8 {[%csl Gh8][%cal Rh5h1]} 42. f3 Rh1+ 43. Kf2 Qc8 44. g4 (44. Qc3 $142 Qe6 45. Qb4) 44... Qc5+ 45. Kg3 Qd4 46. Qg5 Ka7 47. b4 Qc3 {Precision: White = 38%, Black = 52%.} 0-1

[Event "Saint Louis Invitational A 2017"]
[Site "Saint Louis"]
[Date "2017.11.18"]
[Round "2"]
[White "Bartholomew, John"]
[Black "Zierk, Steven"]
[Result "1/2-1/2"]
[WhiteElo "2442"]
[BlackElo "2493"]
[Annotator "TA"]
[PlyCount "75"]
[EventDate "2017.??.??"]
[EventType "tourn"]
[EventCountry "USA"]
[SourceTitle "playchess.com"]
[Source "ChessBase"]
[SourceQuality "1"]

{[%evp 19,75,2,22,7,23,21,43,23,33,0,0,0,5,7,33,39,30,37,33,41,83,40,37,32,37,35,24,27,34,22,51,35,27,31,28,18,64,27,69,70,70,72,68,64,64,64,64,64,65,65,65,72,65,65,81,48,76,35]} 1. d4 d5 2. c4 c6 3. cxd5 cxd5 4. Bf4 Nc6 5. e3 Nf6 6. Nc3 Bf5 7. Qb3 Na5 8. Qa4+ {D10: Slav Defence: 3 cxd5 (without early Nf3) and 3 Nc3} Bd7 9. Qd1 (9. Qc2 e6 10. Bd3 Be7 11. Nf3 Nc6 12. a3 Nh5 13. Be5 f6 14. Bf4 Nxf4 15. exf4 g6 {½-½ (80) Rapport,R (2675)-Najer,E (2707) Tbilisi 2017}) 9... e6 10. Nf3 Be7 {LiveBook: 3 Games} 11. h3 $146 ({Predecessor:} 11. Ne5 O-O 12. Bd3 Rc8 13. Qe2 Be8 14. O-O Nd7 {½-½ (32) Xu,X (2549)-Kollars,D (2498) Hoogeveen 2017}) 11... a6 12. Bd3 b5 13. O-O O-O 14. Qe2 b4 15. Nb1 {[%cal Bc3b1,Bb1d2,Bd2b3,Bb3c5][%mdl 32]} Bb5 16. Rc1 Bd6 17. Bxd6 Qxd6 18. Nbd2 Bxd3 19. Qxd3 Rfc8 20. Ne5 Ne8 21. Nb3 Nc6 22. Nxc6 Rxc6 23. Rc5 Rxc5 24. Nxc5 Qb6 25. a3 bxa3 26. Qxa3 Nd6 27. b3 {[%cal Bb2b3,Bb3b4][%mdl 32]} Ne4 28. b4 h5 29. Qa5 Qxa5 $1 30. Rxa5 {Black must now prevent b5.} Nxc5 31. dxc5 $14 {[%mdl 4096] Endgame KR-KR} ({Much weaker is} 31. Rxc5 Rb8 $11) 31... Rb8 $1 32. Ra4 $1 Kf8 33. Kf1 ({Reject} 33. Rxa6 $6 Rxb4 34. c6 Rc4 $11) 33... Ke7 34. Ke2 ({Much worse is} 34. Rxa6 Rxb4 35. Ra7+ Kf6 $11) 34... Kd8 35. Kd3 Kc7 36. Kc3 Kb7 37. Ra2 e5 38. h4 {Precision: White = 54%, Black = 50%.} 1/2-1/2

[Event "Saint Louis Invitational A 2017"]
[Site "Saint Louis"]
[Date "2017.11.19"]
[Round "3"]
[White "Burke, John M"]
[Black "Bartholomew, John"]
[Result "1/2-1/2"]
[WhiteElo "2502"]
[BlackElo "2442"]
[Annotator "TA"]
[PlyCount "77"]
[EventDate "2017.??.??"]
[EventType "tourn"]
[EventCountry "USA"]
[SourceTitle "playchess.com"]
[Source "ChessBase"]
[SourceQuality "1"]

{[%evp 28,77,66,58,61,58,58,79,39,53,83,83,115,81,101,105,138,135,216,209,310,308,297,261,249,275,244,92,84,46,25,19,275,260,292,291,283,275,247,65,66,66,67,67,67,67,58,8,8,8,10,0]} 1. e4 c5 2. Nf3 d6 3. d4 cxd4 4. Nxd4 Nf6 5. Nc3 Nc6 6. Bg5 e6 7. Qd2 a6 8. O-O-O Bd7 9. f4 b5 10. Bxf6 gxf6 11. Kb1 Qb6 12. Nxc6 Bxc6 13. f5 h5 {B67: Sizilianisch (Richter/Rauser-Angriff)} (13... b4 14. Ne2 e5 15. Ng3 Qc5 16. Nh5 Ke7 17. Bd3 Rg8 18. h4 Rd8 19. Qe2 Bh6 20. Rhe1 a5 21. g4 {0-1 (42) Saric,I (2609)-Kozul,Z (2631) Valpovo 2017}) 14. fxe6 fxe6 15. Bd3 {LiveBook: 7 Partien} Bh6 {Weiß steht etwas besser.} 16. Qe1 O-O-O 17. Rf1 Rhf8 18. Ne2 $146 ({Vorgänger:} 18. Qh4 Qc5 19. Ne2 {½-½ (38) Savicevic,V (2325)-Nevednichy,V (2528) Mataruska Banja 2007}) 18... Qc5 19. Nf4 Rfe8 20. Qh4 Qe5 21. Nxh5 Rh8 22. g4 $1 {[%cal Bg2g4,Bg4h5][%mdl 32]} Bg7 (22... Kb7 $16) 23. Qf2 $18 Rxh5 (23... Rd7 $142 24. Qb6 (24. Nxg7 Rxg7 25. Qb6 Bb7 $16) 24... Qc5 25. Qxa6+ Kb8) 24. gxh5 f5 {[%csl Gg7][%cal Re5b2]} 25. c4 {Und cxb5 würde nun gewinnen.} fxe4 26. cxb5 axb5 {[#]} 27. Rc1 $2 (27. Qc2 $1 $18 {[%cal Rc2c6] bietet bessere Gewinnchancen.} Kb8 28. h6 exd3 29. Qf2 (29. Rxd3 Bf6 $17)) 27... Kb7 $16 28. Qc2 Rc8 29. Be2 Kb6 $2 {[%mdl 8192] [#]} (29... Bh6 $1 $11 {und Schwarz muss sich keine Sorgen machen.}) 30. Qb3 $1 $18 e3 31. a4 Qe4+ 32. Rc2 {[%cal Re2b5]} Qxa4 33. Qxe3+ $2 (33. Qxa4 $18 {jetzt Txc6+! und aus.} bxa4 34. Rf4) 33... Bd4 $14 34. Qxe6 Bxb2 35. Kxb2 Qxc2+ $1 36. Kxc2 Bd7+ $1 37. Kb2 Bxe6 38. Rf6 Bc4 39. Bxc4 {Precision: Weiß = 58%, Schwarz = 51%.} 1/2-1/2

[Event "Saint Louis Invitational A 2017"]
[Site "Saint Louis"]
[Date "2017.11.19"]
[Round "3"]
[White "Zierk, Steven"]
[Black "Chirila, Ioan-Cristian"]
[Result "0-1"]
[WhiteElo "2493"]
[BlackElo "2557"]
[Annotator "TA"]
[PlyCount "70"]
[EventDate "2017.??.??"]
[EventType "tourn"]
[EventCountry "USA"]
[SourceTitle "playchess.com"]
[Source "ChessBase"]
[SourceQuality "1"]

{[%evp 15,70,45,48,23,38,34,34,9,29,-3,-8,-8,0,-8,-20,-7,-14,-37,-17,-40,-26,-33,-25,-25,-30,-51,-74,-77,-72,-77,-33,-31,49,31,29,8,50,-77,-75,-79,-79,-85,-85,-83,-85,-82,-81,-80,-75,-117,-103,-110,-51,-86,-79,-658,-650]} 1. e4 c5 2. Nf3 Nc6 3. d4 cxd4 4. Nxd4 Qb6 5. Nb3 Nf6 6. Nc3 e6 7. g3 {[%cal Bg2g3,Bg3g4,Bg4g5][%mdl 32]} a6 {B45: Sicilian Four Knights} 8. Bg2 d6 {LiveBook: 8 Games} 9. g4 $146 ({Predecessor:} 9. O-O Be7 10. a4 O-O 11. a5 Qc7 12. Be3 Nd7 13. Na4 Qb8 14. Qd2 Nce5 15. Qe2 Bd8 16. f4 Nc6 17. Qd2 b6 18. axb6 Nxb6 19. Nxb6 Bxb6 {1-0 (84) Perez,M (2385)-Rodriguez Vila,A (2483) Buenos Aires 2017}) 9... Be7 {White has an edge.} 10. g5 Nd7 11. Qe2 Qc7 12. Be3 b5 13. a3 Nce5 14. Nd2 Nb6 15. f4 Nec4 16. Bd4 O-O 17. Nxc4 Nxc4 18. b3 Ne5 19. Qd2 Bb7 20. Ne2 (20. fxe5 $2 dxe5 21. Be3 Rfd8 $17) 20... Ng6 {Strongly threatening ...e5.} 21. h4 e5 22. Be3 exf4 23. Nxf4 Ne5 ({Better is} 23... Nxf4 $15 24. Bxf4 Qc5) 24. Nd5 Bxd5 $1 25. exd5 Rac8 26. Rc1 (26. O-O-O $14) 26... f6 $36 {[%mdl 2048] Black has strong initiative.} 27. O-O fxg5 28. Rxf8+ Rxf8 29. hxg5 Qc8 30. Rf1 Rxf1+ 31. Kxf1 Qf5+ 32. Kg1 Qg4 {[#] ...Nf3+ is the strong threat.} 33. Kf1 Bd8 (33... g6 $17) 34. Bf4 Qf5 35. Qe3 $2 {[%mdl 8192]} (35. Ke1 $17) 35... Bxg5 {Precision: White = 43%, Black = 71%.} 0-1

[Event "Saint Louis Invitational A 2017"]
[Site "Saint Louis"]
[Date "2017.11.19"]
[Round "3"]
[White "Hambleton, Aman"]
[Black "Sturt, Raven"]
[Result "1-0"]
[WhiteElo "2484"]
[BlackElo "2449"]
[Annotator "TA"]
[PlyCount "95"]
[EventDate "2017.??.??"]
[EventType "tourn"]
[EventCountry "USA"]
[SourceTitle "playchess.com"]
[Source "ChessBase"]
[SourceQuality "1"]

{[%evp 13,95,6,13,9,15,6,2,2,8,14,10,8,18,8,47,45,97,58,62,52,106,110,102,104,91,102,102,97,104,99,104,107,193,172,343,211,190,160,160,162,248,234,317,334,383,370,358,347,462,329,561,322,530,416,402,337,418,327,322,297,304,290,1179,1174,12441,1287,1343,1280,1163,1089,29993,7296,6291,6291,5389,5314,3287,2306,7304,5406,29976,29976,29975,29976]} 1. d4 d5 2. Bf4 Nf6 3. e3 e6 4. Nf3 Bd6 5. Nbd2 O-O 6. c3 {D02: 1 d4 d5 2 Nf3 sidelines, including 2...Nf6 3 g3 and 2...Nf6 3 Bf4} b6 7. Bd3 Bb7 {LiveBook: 3 Games} 8. O-O {The position is equal.} (8. a4 c5 9. a5 Qc7 10. Bxd6 Qxd6 11. Ne5 c4 12. Bc2 b5 13. f4 Nbd7 {1-0 (28) Artemiev,V (2692)-Radjabov,T (2742) Tbilisi 2017}) 8... c5 9. Bxd6 Qxd6 10. Ne5 Ba6 11. Bxa6 Nxa6 12. f4 Nb8 13. Rf3 Nfd7 $146 14. Rh3 g6 ({Better is} 14... cxd4 $14 15. cxd4 (15. exd4 Nc6 $11) 15... Qb4) 15. Qg4 {And now Qh4 would win.} Qe7 $1 16. Ndf3 Nxe5 (16... f5 $1 $14 17. Qg3 Nxe5 18. dxe5 (18. Nxe5 Qg7 $11) 18... Nd7) 17. dxe5 $40 {[%mdl 128] White attacks with force.} ({Much weaker is} 17. Nxe5 $6 Nd7 $11) 17... Nd7 18. Ng5 h5 19. Qg3 f5 20. e4 fxe4 {[#]} 21. Nxe4 $1 {[%mdl 512]} Qg7 (21... dxe4 22. Qxg6+) 22. Nd6 Qh6 (22... c4 $16) 23. Rf1 $18 Kh7 $2 (23... Rad8 {is a better defense.} 24. f5 Qg7) 24. Qe3 c4 25. Rg3 Nc5 26. Rg5 Nd3 (26... Rf5 $142 27. Nxf5 exf5) 27. b3 Rad8 28. h4 ({Less strong is} 28. bxc4 dxc4 29. g3 (29. Nxc4 Nxf4 30. h4 Nd5 $15) 29... Nc5 $16) 28... Nc5 29. bxc4 dxc4 30. Qe2 Rd7 31. Qxc4 Rfd8 $2 (31... Rg7 32. g3 Kh8) 32. Rf3 Rg8 $2 (32... Rf8 33. Qb5 Re7) 33. Qe2 Rdg7 34. c4 Rf8 35. Qe3 Kh8 36. Rfg3 Kh7 37. Kh2 Rd8 $2 {[#]} (37... Rgg8 38. a4 Rg7) 38. f5 $1 {[%mdl 512]} Rdg8 (38... exf5 39. Nxf5) 39. f6 (39. fxg6+ $142 Rxg6 40. Nf7 Rxg5 41. Rxg5 Rxg5 42. Nxh6) 39... Rd7 40. f7 Rf8 41. Qf3 Nb7 42. Rxg6 (42. Qf6 $142 Rfxf7 43. Nxf7 Qg7 {[#]} 44. Rxh5+ $1 {[%mdl 512]} Kg8 45. Rh8+ Qxh8 46. Qxh8+ Kxf7 47. Rf3+ Ke7 48. Qf8#) 42... Qxg6 43. Rxg6 Kxg6 44. Nxb7 Rfxf7 45. Qe4+ Kh6 46. Nd6 Rg7 47. Qe3+ Kh7 48. Ne8 {Precision: White = 76%, Black = 24%.} 1-0

[Event "Saint Louis Invitational A 2017"]
[Site "Saint Louis"]
[Date "2017.11.19"]
[Round "3"]
[White "Gurevich, Daniel"]
[Black "Sadorra, Julio Catalino"]
[Result "1/2-1/2"]
[WhiteElo "2471"]
[BlackElo "2554"]
[Annotator "TA"]
[PlyCount "74"]
[EventDate "2017.??.??"]
[EventType "tourn"]
[EventCountry "USA"]
[SourceTitle "playchess.com"]
[Source "ChessBase"]
[SourceQuality "1"]

{[%evp 24,74,35,37,47,47,47,47,54,57,55,57,62,62,64,64,79,79,77,41,41,35,35,35,35,37,43,55,60,35,35,35,35,0,35,23,35,35,35,35,35,35,35,35,35,35,42,18,18,18,35,35,35]} 1. Nf3 d5 2. g3 Nf6 3. Bg2 e6 4. O-O c5 5. c4 Nc6 6. cxd5 exd5 7. d4 Be7 8. dxc5 Bxc5 9. a3 O-O 10. b4 Bb6 11. Bb2 Ne4 12. Nc3 {D30: Queen's Gambit Declined: Systems without Nc3} Nxc3 13. Bxc3 {LiveBook: 3 Games} Bg4 14. e3 {[#]} d4 $146 ({Predecessor:} 14... a6 15. Ra2 Qd7 16. Rd2 Rad8 17. Qb3 Rfe8 18. Rfd1 Ne7 19. Bd4 Nc8 {½-½ (54) Rodshtein,M (2641)-Vazquez Igarza,R (2571) Benasque 2013}) 15. exd4 Nxd4 16. Bxd4 Bxf3 $1 17. Qxf3 Bxd4 18. Rad1 {[#] Qg4 is the strong threat.} Qb6 19. Qxb7 Rad8 20. Qxb6 axb6 21. Rfe1 Bb2 22. a4 Bc3 23. Rxd8 Rxd8 $14 {[%mdl 4096] Endgame KRB-KRB} 24. Re4 g6 25. Bf1 Rd1 26. Kg2 Kg7 27. Rc4 Be1 $1 28. Re4 Bc3 29. Bc4 (29. f4 {is interesting.} Rd2+ 30. Kh3 Rb2 31. b5 f5 32. Re7+) 29... Re1 30. Rxe1 Bxe1 {KB-KB} 31. b5 f5 32. f4 Kf6 33. Kf3 Bb4 34. h3 h5 35. g4 hxg4+ 36. hxg4 fxg4+ 37. Kxg4 Bd6 {Precision: White = 59%, Black = 69%.} 1/2-1/2